La belle histoire du cinéma français en 101 films (notice n° 1925791)

détails MARC
000 -LEADER
fixed length control field 01429cam a2200145 4500500
005 - DATE AND TIME OF LATEST TRANSACTION
control field 20260329023241.0
041 ## - LANGUAGE CODE
Language code of text/sound track or separate title fre
042 ## - AUTHENTICATION CODE
Authentication code dc
100 10 - MAIN ENTRY--PERSONAL NAME
Personal name Marie, Michel
Relator term author
245 00 - TITLE STATEMENT
Title La belle histoire du cinéma français en 101 films
260 ## - PUBLICATION, DISTRIBUTION, ETC.
Name of publisher, distributor, etc. Armand Colin,<br/>
Date of publication, distribution, etc. 2018.<br/>
520 ## - SUMMARY, ETC.
Summary, etc. Résumer 120 ans de cinéma peut sembler ambitieux, et c’est pourtant le pari réussi de ce livre. Des débuts du muet au cinéma le plus contemporain, plongez dans l’immense patrimoine français du 7e art à travers l’évocation de 101 films et autant de cinéastes remarquables. 101 films, parmi lesquels des classiques incontournables, des succès publics, des films rares ou novateurs, qui font chacun l’objet d’un résumé suivi d’une analyse, où le contexte de leur tournage, leurs thèmes, leur esthétique, leur audience ainsi que leur influence sont abordés et illustrés. Une sacrée Belle Histoire pour revivre les heures glorieuses des pionniers, arpenter les années politiques et celles de la conquête au féminin, découvrir ou redécouvrir sous un nouvel angle quelques-unes des œuvres qui ont marqué plus d’un siècle de production française, et inscrire les films récents dans cette prestigieuse généalogie.
700 10 - ADDED ENTRY--PERSONAL NAME
Personal name Marié, Michel
Relator term author
856 41 - ELECTRONIC LOCATION AND ACCESS
Uniform Resource Identifier <a href="https://shs.cairn.info/la-belle-histoire-du-cinema-francais-en-101-films--9782200621599?lang=fr&redirect-ssocas=7080">https://shs.cairn.info/la-belle-histoire-du-cinema-francais-en-101-films--9782200621599?lang=fr&redirect-ssocas=7080</a>

Pas d'exemplaire disponible.

PLUDOC

PLUDOC est la plateforme unique et centralisée de gestion des bibliothèques physiques et numériques de Guinée administré par le CEDUST. Elle est la plus grande base de données de ressources documentaires pour les Étudiants, Enseignants chercheurs et Chercheurs de Guinée.

Adresse

627 919 101/664 919 101

25 boulevard du commerce
Kaloum, Conakry, Guinée

Réseaux sociaux

Powered by Netsen Group @ 2025